Eurospomalenie

Prípravy na spoločnú menu na Slovensku. Technické prípravy na zavedenie eura sprevádza meškanie a nízka kvalita práce. Bankový výbor, ktorý vedie NBS pravidelne zasadá a rieši prechod na euro do podrobností. Iné je to v prípade nefinančného výboru a komunikačného výboru. Napriek tomu je bilancia nap...

Description complète

Enregistré dans:
Détails bibliographiques
Auteur principal: Mravcová, Jana
Autres auteurs: Jaroš, Martin
Format: Chapitre de livre
Langue:slovaque
Sujets:
Tags: Ajouter un tag
Pas de tags, Soyez le premier à ajouter un tag!

MARC

LEADER 00000naa$a2200000$$$4500
001 0053571
005 20231009072847.6
041 0 |a slo 
044 |a SK 
245 1 0 |a Eurospomalenie  |c Jana Mravcová, Martin Jaroš 
520 |a Prípravy na spoločnú menu na Slovensku. Technické prípravy na zavedenie eura sprevádza meškanie a nízka kvalita práce. Bankový výbor, ktorý vedie NBS pravidelne zasadá a rieši prechod na euro do podrobností. Iné je to v prípade nefinančného výboru a komunikačného výboru. Napriek tomu je bilancia napohľad priaznivá, splnené úlohy, aktuálne úlohy. Chýbajúci splnomocnenec a viceguvernér NBS. 
610 2 0 |a euromena 
610 2 0 |a euro 
610 2 0 |a Slovensko 
610 2 0 |a 2007 
100 1 |a Mravcová, Jana 
700 1 |a Jaroš, Martin